Pensamiento Colombiano del siglo XX (Registro nro. 65185)

Detalles MARC
000 -ENCABEZADO
Número de control [NR] 01360nam a2200349Ia 4500
008 - DE LONGITUD FIJA DE DATOS DE ELEMENTOS - INFORMACIÓN GENERAL
Elementos de longitud fija [NR] 130821s2007 ck ao gr dspa
020 ## - NUMERO INTERNACIONAL NORMALIZADO PARA LIBROS [R]
Número Internacional Normalizado del libro [NR] 9789586839655
040 ## - FUENTE DE CATALOGACION [NR]
Agencia de catalogación original [NR] Co-BoUCM
Idioma de catalogación [NR] spa
041 00 - CODIGO DE IDIOMA [R]
Código de idioma para texto/pista de sonido o título separado [R] Español
245 00 - MENCION DE TITULO [NR]
Título [NR] Pensamiento Colombiano del siglo XX
Mención de responsabilidad, etc. [NR] Darío Acevedo...[et al.] ; Santiago Castro-Gómez...[et al.]., editores
260 ## - PUBLICACION, DISTRIBUCION, ETC. (PIE DE IMPRENTA) [R]
Lugar de publicación, distribución, etc. [R] Bogotá (Colombia)
Nombre del editor, distribuidor, etc. [R] Editorial Pontificia Universidad Javeriana
Fecha de publicación, distribución, etc. [R] 2007
300 ## - DESCRIPCION FISICA [R]
Extensión [R] 2v. .
Otros detalles físicos [NR] fotografías
504 ## - NOTA DE BIBLIOGRAFIA, ETC. [R]
Nota de bibliografía, etc. [NR]
650 04 - ASIENTO SECUNDARIO DE MATERIA - TERMINO TEMATICO [R]
Término temático o nombre geográfico como elemento de entrada [NR] Biografías
9 (RLIN) 7343
650 04 - ASIENTO SECUNDARIO DE MATERIA - TERMINO TEMATICO [R]
Término temático o nombre geográfico como elemento de entrada [NR] Intelectuales
Subdivisión geográfica [R] Colombia
Subdivisión cronológica [R] Siglo XX
9 (RLIN) 53220
650 04 - ASIENTO SECUNDARIO DE MATERIA - TERMINO TEMATICO [R]
Término temático o nombre geográfico como elemento de entrada [NR] Pensamiento crítico
Subdivisión geográfica [R] Colombia
Subdivisión cronológica [R] Siglo XX
9 (RLIN) 21261
650 04 - ASIENTO SECUNDARIO DE MATERIA - TERMINO TEMATICO [R]
Término temático o nombre geográfico como elemento de entrada [NR] Personajes
Subdivisión geográfica [R] Colombia
Subdivisión cronológica [R] Siglo XX
9 (RLIN) 21395
651 #4 - ASIENTO SECUNDARIO DE MATERIA - NOMBRE GEOGRAFICO [R]
Nombre geográfico [NR] Colombia
Subdivisión general [R] Vida intelectual
9 (RLIN) 71843
700 1# - ASIENTO SECUNDARIO - NOMBRE PERSONAL [R]
Nombre personal [NR] Acevedo, Darío
9 (RLIN) 138684
700 1# - ASIENTO SECUNDARIO - NOMBRE PERSONAL [R]
Nombre personal [NR] Archila, Mauricio
9 (RLIN) 138685
700 1# - ASIENTO SECUNDARIO - NOMBRE PERSONAL [R]
Nombre personal [NR] Broderic, Walter J.
9 (RLIN) 138686
700 1# - ASIENTO SECUNDARIO - NOMBRE PERSONAL [R]
Nombre personal [NR] Castro-Gómez, Santiago
Término de relación [R]
9 (RLIN) 72193
700 1# - ASIENTO SECUNDARIO - NOMBRE PERSONAL [R]
Nombre personal [NR] Chenut, Philippe
9 (RLIN) 138687
700 1# - ASIENTO SECUNDARIO - NOMBRE PERSONAL [R]
Nombre personal [NR] Delgado, Ovidio
9 (RLIN) 138688
700 1# - ASIENTO SECUNDARIO - NOMBRE PERSONAL [R]
Nombre personal [NR] Flórez-Malagon, Alberto
Término de relación [R]
9 (RLIN) 138689
700 1# - ASIENTO SECUNDARIO - NOMBRE PERSONAL [R]
Nombre personal [NR] Hoyos Vásquez, Guillermo
Término de relación [R]
9 (RLIN) 49633
700 1# - ASIENTO SECUNDARIO - NOMBRE PERSONAL [R]
Nombre personal [NR] Millan de Benavides, Carmen
Término de relación [R]
9 (RLIN) 138690
710 2# - ASIENTO SECUNDARIO - NOMBRE CORPORATIVO [R]
Nombre corporativo o de jurisdicción como elemento de entrada [NR] Instituto Pensar
9 (RLIN) 138691
710 2# - ASIENTO SECUNDARIO - NOMBRE CORPORATIVO [R]
Nombre corporativo o de jurisdicción como elemento de entrada [NR] Pontificia Universidad Javeriana
9 (RLIN) 3699
942 ## - ELEMENTOS DE ENTRADA AGREGADOS (KOHA)
Tipo de ítem principal el descrito en 300a Libro
Tema principal Biografías
Edición 1
Parte restante de la signatura top. P418
Sistema de clasificación DEWEY
Clasificación 920.0861
Existencias
Fecha de último préstamo Total préstamos Signatura topográfica Código de barras Última vez visto Volúmen / Fascículo Ejemplar Price effective from Tipo de ítem Perdido Sistema de clasificación Dañado No prestable Tipo de ítem específico Suprimido Ubicación habitual Ubicación actual Localización Fecha de creación Forma de adquisición Costo Total Renewals Costo de reposición Proveedor
    920.0861 P418 100166209 02/03/2020 V.1 Ej.2 02/03/2020 Libro   DEWEY     Libro   Bodega Bodega Préstamo 4 días después de solicitado 02/03/2020 Donación 0.00   26000.00 12
27/02/2013 1 920.0861 P418 100105971 09/12/2025 V.2 Ej.1 03/02/2013 Libro   DEWEY     Libro   Claustro Claustro 2do piso 28/02/2010 Compra 72750.00      
17/09/2025 10 920.0861 P418 100105972 15/12/2025 V.1 Ej.1 03/02/2013 Libro   DEWEY     Libro   Claustro Claustro 2do piso 28/02/2010 Compra 72750.00 5